Cargando...

Physical organic chemistry: reaction rates, equilibria, and mechanisms

Detalles Bibliográficos
Autor principal: Hammett, Louis P
Formato: Printed Book
Publicado: Tokyo, Mc Graw Hill 1970
Edición:Ed.2
Colección:Mc Graw Hill series in advanced chemistry
Materias:
LEADER 005540000a22001690004500
082 |a 547 L0 
100 |a Hammett, Louis P 
245 |a Physical organic chemistry: reaction rates, equilibria, and mechanisms 
250 |a Ed.2 
260 |a Tokyo, Mc Graw Hill 
260 |c 1970 
490 |a Mc Graw Hill series in advanced chemistry 
650 |a Chemical reactions 
650 |a Organic chemistry 
942 |c BK 
999 |c 132934  |d 132930 
952 |0 0  |1 0  |4 0  |6 547_000000000000000_L0  |7 0  |9 131864  |a SCP  |b SCP  |d 2014-02-11  |l 0  |o 547 L0  |p SCP00340  |r 2014-02-11  |w 2014-02-11  |y BK